L'organisation des entreprises (Record no. 41967)
[ view plain ]
| 000 -LEADER | |
|---|---|
| fixed length control field | 00647 a2200253 4500 |
| 037 ## - SOURCE OF ACQUISITION | |
| Source of stock number/acquisition | 1, Achat |
| 037 ## - SOURCE OF ACQUISITION | |
| Stock number | 23018 |
| 100 ## - VEDETTE PRINCIPALE - NOM DE PERSONNE | |
| Personal name | O'Shaughness |
| 100 ## - VEDETTE PRINCIPALE - NOM DE PERSONNE | |
| Language of a work | Fr |
| 260 ## - PUBLICATION, DISTRIBUTION, ETC. (IMPRINT) | |
| Place of publication, distribution, etc | Paris |
| 260 ## - PUBLICATION, DISTRIBUTION, ETC. (IMPRINT) | |
| Name of publisher, distributor, etc | Dunod |
| 245 ## - TITLE STATEMENT | |
| Title | L'organisation des entreprises |
| 260 ## - PUBLICATION, DISTRIBUTION, ETC. (IMPRINT) | |
| Date of publication, distribution, etc | 1968 |
| 300 ## - PHYSICAL DESCRIPTION | |
| Extent | 194 p. |
| 300 ## - PHYSICAL DESCRIPTION | |
| Other physical details | 22cm |
| 440 ## - SERIES STATEMENT/ADDED ENTRY--TITLE | |
| Number of part/section of a work | 10 |
| 440 ## - SERIES STATEMENT/ADDED ENTRY--TITLE | |
| Title | Initiation aux Nouveautés de la Science |
| 630 ## - SUBJECT ADDED ENTRY--UNIFORM TITLE | |
| Uniform title | 65 - Gestion et organisation de lindustrie, du commerce, de la communication et des transports |
| 650 ## - SUBJECT ADDED ENTRY--TOPICAL TERM | |
| Topical term or geographic name as entry element | 6 - SCIENCES APPLIQUEES |
| 650 ## - SUBJECT ADDED ENTRY--TOPICAL TERM | |
| Topical term or geographic name as entry element | Entreprise : organisation |
| 700 ## - ADDED ENTRY--PERSONAL NAME | |
| Personal name | trad., Henrion, C. |
| Withdrawn status | Lost status | Damaged status | Not for loan | Location (home branch) | Sublocation or collection (holding branch) | Date acquired | Koha issues (times borrowed) | Koha full call number | Koha date last seen | Price effective from | Koha item type |
|---|---|---|---|---|---|---|---|---|---|---|---|
| Bibliothèque Universitaire Centrale | Bibliothèque Universitaire Centrale | 28/02/2009 | 658 OSH | 28/02/2009 | 28/02/2009 | Livre |